[Event "Erlangen op 18th"]
[Site "Erlangen"]
[Date "2003.??.??"]
[Round "5"]
[White "Gueldner, Udo"]
[Black "Kromm, Dimitri"]
[Result "1-0"]
[WhiteElo "1687"]
[BlackElo "1479"]
[PlyCount "77"]
[EventDate "2003.11.??"]
[EventType "swiss"]
[EventRounds "5"]
[EventCountry "GER"]
[SourceTitle "EXT 2005"]
[Source "ChessBase"]
[SourceDate "2004.11.15"]
[SourceVersion "1"]
[SourceVersionDate "2004.11.15"]
[SourceQuality "1"]

1. d4 d5 2. Nf3 Nc6 3. e3 f6 4. Bb5 Bd7 5. Bxc6 Bxc6 6. a4 Qd6 7. b3 0-0-0 8. Ba3 Qd7 9. Nc3 e6 10. Bxf8 Rxf8 11. Qd2 a5 12. Nb5 b6 13. Na7+ Kd8 14. Nxc6+ Qxc6 15. Rc1 Ne7 16. c4 Kd7 17. Qe2 Rf7 18. 0-0 Re8 19. Qc2 g6 20. cxd5 exd5 21. Qd3 Qd6 22. Qb5+ Kd8 23. Rc3 Nc8 24. Rfc1 Re6 25. Qa6 Qb4 26. Qb7 Qd6 27. Rc6 Qd7 28. Rxc7 Qxc7 29. Rxc7 Rxc7 30. Qxd5+ Nd6 31. g3 Ke7 32. Kg2 Rb7 33. Nd2 b5 34. axb5 Rxb5 35. Qa8 Ne4 36. Nxe4 Rxe4 37. Qxe4+ Re5 38. dxe5 Ke6 39. exf6+ 1-0

[Event "Erlangen op 18th"]
[Site "Erlangen"]
[Date "2003.??.??"]
[Round "4"]
[White "Kromm, Dimitri"]
[Black "Weber, Max1"]
[Result "0-1"]
[WhiteElo "1479"]
[BlackElo "1795"]
[PlyCount "106"]
[EventDate "2003.11.??"]
[EventType "swiss"]
[EventRounds "5"]
[EventCountry "GER"]
[SourceTitle "EXT 2005"]
[Source "ChessBase"]
[SourceDate "2004.11.15"]
[SourceVersion "1"]
[SourceVersionDate "2004.11.15"]
[SourceQuality "1"]

1. e4 c5 2. Nf3 Nc6 3. Bc4 g6 4. c3 Bg7 5. d4 cxd4 6. cxd4 e6 7. d5 Ne5 8. Nxe5 Bxe5 9. dxe6 dxe6 10. Qxd8+ Kxd8 11. 0-0 Ke7 12. Nc3 Nf6 13. Be3 b6 14. f3 Bxc3 15. bxc3 h6 16. a4 Bd7 17. a5 Rac8 18. Be2 Rxc3 19. Bd4 Rc2 20. Bxf6+ Kxf6 21. Bd1 Rc7 22. g4 Rhc8 23. axb6 axb6 24. Kg2 Rc1 25. Rxc1 Rxc1 26. Be2 Rc2 27. Rf2 b5 28. f4 Bc6 29. Bd3 Rxf2+ 30. Kxf2 e5 31. Ke3 exf4+ 32. Kxf4 g5+ 33. Ke3 Ke5 34. h3 f6 35. Be2 b4 36. Bc4 Bxe4 37. Kd2 Bd5 38. Bxd5 Kxd5 39. Kc2 Ke4 40. Kb3 Kf3 41. Kxb4 Kg3 42. Kc4 Kxh3 43. Kd3 Kxg4 44. Ke2 Kg3 45. Ke3 h5 46. Ke4 h4 47. Kf5 h3 48. Kxf6 h2 49. Kxg5 h1Q 50. Kf5 Qh4 51. Ke5 Qf4+ 52. Kd5 Kf3 53. Ke6 Qg5 0-1